000 00648nam a2200241Ia 4500
003 OSt
005 20220924143503.0
006 a|||||r|||| 00| 0
007 ta
008 220923b |||||||| |||| 00| 0 urd d
024 _a308514
037 _cTextual
040 _aARTS
_cARTS
_burd
041 _2urd
_aurd
082 _aO142,3xN7, 168M5
100 _aTajik
_9215968
245 0 _aNeelgon kosaaron ke daaman mein
260 _c1985
650 _aRUSSIAN LITERATURE
_915056
700 _a Saleem Manzar Tr.
_9215969
942 _hO142,3xN7, 168M5
_cTEXL
_2CC
999 _c454670
_d454670